000 00388nam a2200181Ia 4500
001 9176
005 20250626030151.0
008 211022s9999 xx 000 0 und d
020 _a0805046666
082 _a791.43 SCH
100 _aSchatz, Thomas
245 0 _aGenius of the system :
260 _aNew York
260 _bHenry Holt
260 _c1989
300 _a514
942 _cBK
999 _c7889
_d7889